The Growth of the international economy ,1820-1980 : an introductory text (Record no. 35815)

MARC details
000 -LEADER
fixed length control field 00496nam a2200181Ia 4500
020 ## - INTERNATIONAL STANDARD BOOK NUMBER
ISBN 0043303323
050 ## - CALL MARK
Classification number HF 1411 .K44/
100 ## - STATEMENT OF RESPONSIBILITY--MAIN AUTHOR NAME
Personal name Kenwood, A.G.
245 #4 - TITLE STATEMENT
Title The Growth of the international economy ,1820-1980 : an introductory text
260 ## - PUBLICATION, DISTRIBUTION, ETC. (IMPRINT)
Place of publication London
260 ## - PUBLICATION, DISTRIBUTION, ETC. (IMPRINT)
Name of publisher Unwin Hyman
260 ## - PUBLICATION, DISTRIBUTION, ETC. (IMPRINT)
Year of publication c1971
300 ## - PHYSICAL DESCRIPTION
Number of Pages 336 p
650 ## - SUBJECT ADDED ENTRY--TOPICAL TERM
Topical Term International Economic Relations. Economic History.
942 ## - ADDED ENTRY ELEMENTS (KOHA)
Koha item type Books
Holdings
Withdrawn status Lost status Source of classification or shelving scheme Damaged status Not for loan Permanent Location Current Location Date acquired Accession Number Price effective from Koha item type
    Library of Congress Classification     NILE UNIVERSITY OF NIGERIA - MAIN LIBRARY NILE UNIVERSITY OF NIGERIA - MAIN LIBRARY 04/23/2025 0010378 04/23/2025 Books